Invisible lyrics - Statistics

General Stats
  • This quiz has been taken 50 times
  • The average score is 191 of 222
Answer Stats
Lyrics % Correct
when
100%
you
100%
you,
100%
your
100%
a
94%
and
94%
And
94%
But
94%
but
94%
do
94%
don't
94%
eyes
94%
I
94%
if
94%
in
94%
invisible
94%
just
94%
know
94%
love
94%
me
94%
me,
94%
never
94%
She
94%
she
94%
the
94%
to
94%
up
94%
be
88%
can't
88%
gonna
88%
light
88%
light,
88%
like
88%
Like
88%
no
88%
of
88%
only
88%
see
88%
She's
88%
smile
88%
want
88%
way
88%
We
88%
we
88%
beautiful
82%
could
82%
even
82%
her
82%
how
82%
instead
82%
is
82%
knew
82%
right
82%
that
82%
through
82%
we're
82%
are
76%
make
76%
miracle,
76%
show
76%
wanna
76%
what
76%
by
71%
everything
71%
Oh,
65%
She'll
65%
think
65%
unbelievable,
65%
all
59%
let
59%
shine
59%
There's
59%
about
53%
notice
53%
stare
53%
walks
53%
wantin'
53%
Baby,
47%
faded
47%
inside
47%
realize
47%
stop
47%
whenever
47%
help
41%
matter
41%
open
41%
shadows
41%
fire
35%
No matching quizzes found
Score Distribution
Percent of People with Each Score
Percentile by Number Answered
Your Score History
You have not taken this quiz